000 00494nam a2200169Ia 4500
999 _c28782
_d28782
003 OSt
005 20210106114604.0
008 190216s9999||||xx |||||||||||||| ||und||
040 _coclc
082 _a894.812301
_bKUM/A
100 _aKumaran, U K
_96528
245 0 _aAdayalangal Vannukondirikkunnu /
_cU K Kumaran
260 _bLipi Publications,
_aKozhikode:
_c2001.
300 _a56p
650 _aMalayalam
942 _cBK
_2ddc
_h894.812301
_iKUM/A
_k894.812301
_mKUM/A